V. S. Naipaul, La Moitié d’une vie, Roman traduit de l’anglais par Suzanne V. Mayoux. Plon, coll. Feux Croisés, 2002, 232 pages, 18 € (notice n° 1618862)

détails MARC
000 -LEADER
fixed length control field 00868cam a2200157 4500500
005 - DATE AND TIME OF LATEST TRANSACTION
control field 20260111090416.0
041 ## - LANGUAGE CODE
Language code of text/sound track or separate title fre
042 ## - AUTHENTICATION CODE
Authentication code dc
100 10 - MAIN ENTRY--PERSONAL NAME
Personal name Mambrino, Jean
Relator term author
245 00 - TITLE STATEMENT
Title V. S. Naipaul, La Moitié d’une vie, Roman traduit de l’anglais par Suzanne V. Mayoux. Plon, coll. Feux Croisés, 2002, 232 pages, 18 €
260 ## - PUBLICATION, DISTRIBUTION, ETC.
Date of publication, distribution, etc. 2003.<br/>
500 ## - GENERAL NOTE
General note 84
520 ## - SUMMARY, ETC.
Summary, etc. RésuméPour avoir désobéi à l’ordre du roi d’adorer une immense statue d’or, trois hommes sont jetés dans une fournaise. Mais les voici qui marchent en chantant la louange de leur Dieu, car son ange est là, qui souffle dans la violence des flammes comme une fraîcheur de brise et de rosée...
786 0# - DATA SOURCE ENTRY
Note Études | 398 | 1 | 2003-01-01 | p. 123a-143a | 0014-1941
856 41 - ELECTRONIC LOCATION AND ACCESS
Uniform Resource Identifier <a href="https://shs.cairn.info/revue-etudes-2003-1-page-123a?lang=fr&redirect-ssocas=7080">https://shs.cairn.info/revue-etudes-2003-1-page-123a?lang=fr&redirect-ssocas=7080</a>

Pas d'exemplaire disponible.

PLUDOC

PLUDOC est la plateforme unique et centralisée de gestion des bibliothèques physiques et numériques de Guinée administré par le CEDUST. Elle est la plus grande base de données de ressources documentaires pour les Étudiants, Enseignants chercheurs et Chercheurs de Guinée.

Adresse

627 919 101/664 919 101

25 boulevard du commerce
Kaloum, Conakry, Guinée

Réseaux sociaux

Powered by Netsen Group @ 2025